| 000 | 00475nam a2200157 a 4500 | ||
|---|---|---|---|
| 001 | 000036944 | ||
| 005 | 20200930080034.0 | ||
| 008 | 120207s1980 xxu 000 0 spa d | ||
| 040 |
_aDO-SdBNP _bspa _cBNPHU |
||
| 082 |
_axxx _bxxx |
||
| 245 | 0 | 0 |
_aThe pleasures of sociology / _cedited Lewis A. Coser. |
| 260 |
_aNew York : _bNew Amrecican Library, _c1980. |
||
| 300 |
_a515 p. ; _c19 cm. |
||
| 500 | _aIncluye notas al pie de páginas | ||
| 700 | 1 |
_aCoser, Lewis A., _ded. _963343 |
|
| 999 |
_c36434 _d36434 |
||